000 00592nam a22001937a 4500
003 OSt
005 20221102153118.0
008 221006b |||||||| |||| 00| 0 eng d
020 _a978-3-7757-2954-3
040 _cBiblioteca Lado V
082 _a750
_bS311d
100 _9281
_aScharrer, Eva
_eautora
245 _aDas Begleitbuch/
_bThe Guidebook/
260 _aAlemania
_bHatje Cantz
_c2012
300 _a537p.
_c17x21cm
650 _2Tesauro de Arte & Arquitectura
_aCATALOGO
651 _2Tesauro de Arte & Arquitectura
_aALEMANIA
942 _2ddc
_c1
_h750
_iS311d
_n0
999 _c2461
_d2461